| 000 | 00856nam a22002295a 4500 | ||
|---|---|---|---|
| 999 |
_c128667 _d128667 |
||
| 001 | 17412036 | ||
| 003 | ARRUPE | ||
| 005 | 20181127121314.0 | ||
| 008 | 120801s2012 mau 000 0 eng | ||
| 010 | _a 2012945853 | ||
| 020 | _a9781596142657 (pbk. : alk. paper) | ||
| 040 |
_aDLC _cDLC |
||
| 042 | _apcc | ||
| 050 |
_aBX4700.F266 _bK86 |
||
| 100 | 1 |
_aKosicki, George W. _943678 |
|
| 245 | 1 | 0 |
_aTell my priests : _bthe words of our lord about his mercy as revealed to St. Maria Faustina Kowalska / _cGeorge W. Kosicki, CSB ; [edited by] David Came. |
| 260 |
_aMassachusetts : _bSt. Pauls, _c1992. |
||
| 300 |
_a143p. ; _c21cm. |
||
| 650 |
_aCatholic Church _xClergy _xSpiritual life _924702 |
||
| 906 |
_a0 _bibc _corignew _d2 _eepcn _f20 _gy-gencatlg |
||
| 942 |
_2lcc _cMONOGRAPH |
||